Statistics for 2016 Formula One Race Venues

Click here to take the quiz!

General Stats

  • This quiz has been taken 82 times
    (80 since last reset)
  • The average score is 17 of 21

Answer Stats

#countryrace venue% Correct
6MonacoMonte Carlo
100%
1AustraliaMelbourne
98%
8AzerbaijanBaku
95%
7CanadaMontréal
92%
14ItalyMonza
91%
10EnglandSilverstone
91%
4RussiaSochi
89%
21UAEAbu Dhabi
88%
5SpainBarcelona
88%
3ChinaShanghai
85%
15SingaporeSingapore
82%
2BahrainSakhir
78%
19MexicoMexico City
77%
17JapanSuzuka
77%
18United StatesAustin
75%
11HungaryBudapest
75%
12GermanyHockenheim
69%
20BrazilSão Paulo
69%
9AustriaSpielberg
62%
16MalaysiaKuala Lumpur
57%
13BelgiumStavelot
15%

Score Distribution

Percentile by Number Answered

Percent of People with Each Score

Your Score History

You have not taken this quiz since the last reset